[Event "Titled Tue 9th Jan Late"]
[Site "chess.com INT"]
[Date "2024.01.09"]
[Round "11"]
[White "Anton Guijarro, D."]
[Black "Mekhitarian, K."]
[Result "1-0"]
[WhiteElo "2670"]
[BlackElo "2554"]
[PlyCount "63"]
[EventDate "2024.01.09"]

1. Nf3 d5 2. c4 d4 3. b4 c5 4. Bb2 a6 ({RR} 4... a5 5. bxc5 Nc6 6. d3 e5 7. Ba3 Nf6 8. Nbd2 Be7 9. g3 O-O 10. Bg2 Nd7 11. Ne4 Nb4 12. O-O Qc7 13. Nd6 Nxc5 14. Nb5 Qb8 15. Bc1 Bd7 16. a3 Nc6 17. Rb1 Qc8 18. Re1 Bf5 19. Bg5 {Andreikin,D (2713)-Khairullin,I (2658) Khanty-Mansiysk 2013 0-1 (64)}) 5. e3 $146 ({RR} 5. bxc5 Nc6 6. e3 e5 7. exd4 exd4 8. Bd3 Bxc5 9. O-O Nf6 10. Re1+ Kf8 11. Ba3 b6 12. Bf1 Qd6 13. Bxc5 bxc5 14. d3 h6 15. Nbd2 g5 16. Rb1 Kg7 17. Ne4 Nxe4 18. Rxe4 Bf5 19. Re1 Rab8 {Mekhitarian,K (2537)-Fedoseev,V (2676) chess.com INT 2023 0-1}) 5... dxe3 6. fxe3 cxb4 7. d4 Nf6 8. Bd3 g6 9. O-O Bh6 10. e4 O-O 11. Qe2 Nh5 12. g3 Bg4 13. a3 Bg7 14. Qe3 Nc6 15. Nbd2 bxa3 16. Rxa3 Rc8 17. Rb3 Na5 18. Rb4 Qc7 19. d5 Bxb2 20. Rxb2 Qc5 21. Qxc5 Rxc5 22. Ne5 Bh3 23. Ra1 Nf6 24. Rba2 b6 25. Rb2 Rb8 26. Kf2 Nd7 27. Nxd7 Bxd7 28. Ke3 e5 29. Rab1 b5 30. Ra1 Nb7 31. Rxa6 bxc4 32. Nxc4 1-0

[Event "Bundesliga 2023-24"]
[Site "Hamburg GER"]
[Date "2024.01.14"]
[Round "6.4"]
[White "Markus, Rob"]
[Black "Engel, Luis"]
[Result "1-0"]
[WhiteElo "2578"]
[BlackElo "2547"]
[PlyCount "79"]
[EventDate "2023.10.21"]
[WhiteTeam "SK Kirchweyhe"]
[BlackTeam "Hamburger SK"]

1. Nf3 {ChessBase II} d5 2. g3 Nf6 3. Bg2 e6 4. O-O Be7 5. b3 O-O 6. Bb2 a5 7. c4 a4 8. Na3 Na6 ({RR} 8... c6 9. d3 Nbd7 10. Qc2 Bb4 11. Rfc1 h6 12. Qd1 Re8 13. Nc2 Bf8 14. b4 e5 15. a3 b5 16. c5 Qc7 17. Nd2 g6 18. e4 d4 19. Qe2 Bg7 20. Rf1 Nf8 21. Rae1 h5 22. f4 exf4 23. Bxd4 {Ivanchuk,V (2739)-Asrian,K (2611) Warsaw 2005 1-0 (45)}) ({RR} 8... c6 9. d3 Nbd7 10. Nc2 b5 11. cxb5 cxb5 12. Qd2 Bb7 13. Ba3 Nc5 14. Ncd4 Qb6 15. Rfc1 axb3 16. axb3 Rfe8 17. Bb2 b4 18. Rxa8 Rxa8 19. Ra1 Rc8 20. Rc1 Bd6 21. Qd1 h6 22. h3 Ra8 23. Ra1 {Aalto,P (2286)-Principe,G (2153) chess.com INT 2024 0-1 (43)}) 9. Nc2 b6 10. d3 $146 ({RR} 10. cxd5 exd5 11. Ne5 axb3 12. axb3 Bb7 13. Nd4 Qc8 14. Nec6 Bc5 15. Bc3 Re8 16. b4 Bf8 ({RR} 16... Bxd4 17. Nxd4 c5 18. bxc5 bxc5 19. Nf3 d4) 17. b5 Nc5 18. d3 Qd7 19. Rxa8 Rxa8 20. Qd2 Ra4 21. Ra1 Bxc6 ({RR} 21... Rxa1+ 22. Bxa1) 22. bxc6 Qe8 23. Qd1 Rxa1 24. Qxa1 Ne6 {Serafimov,T (2377)-Parmentier,X (2335) France 2004 EXT 2005 [ChessBase II] 1-0 (42)}) 10... Bb7 11. Qb1 Bd6 12. b4 Qe7 13. b5 Nc5 14. cxd5 exd5 15. Ncd4 a3 16. Bc1 Ra4 17. Qc2 Qd7 18. Bg5 Nh5 19. Bd2 Rfa8 20. Rab1 Nf6 21. Rfc1 h6 22. Bc3 Nh7 23. Nc6 Bxc6 24. bxc6 Qxc6 25. Nd4 Qb7 26. Nf5 Bf8 27. Bxg7 Qc8 28. Bxf8 Kxf8 29. Ne3 d4 30. Bxa8 Qxa8 31. Ng2 Ng5 32. Nf4 Ra5 33. Qc4 Kg8 34. Rb5 Ra4 35. Qc2 Nce6 36. Rxg5+ Nxg5 37. Qxc7 Ra7 38. Qxb6 Ra6 39. Qxd4 Re6 40. h4 1-0

[Event "Tata Steel Challengers"]
[Site "Wijk aan Zee NED"]
[Date "2024.01.19"]
[Round "6.2"]
[White "Vrolijk, Liam"]
[Black "Mendonca, Leon Luke"]
[Result "1-0"]
[WhiteElo "2573"]
[BlackElo "2608"]
[PlyCount "151"]
[EventDate "2024.01.13"]

1. Nf3 Nf6 2. g3 b6 3. Bg2 Bb7 4. c4 g6 5. d4 Bg7 6. O-O O-O 7. Qc2 c5 8. d5 b5 9. e4 bxc4 10. Nbd2 ({RR} 10. Rd1 d6 11. Na3 Nbd7 12. Nxc4 Ng4 13. Bd2 Ba6 14. Rab1 Nge5 15. Nfxe5 Nxe5 16. Nxe5 Bxe5 17. Bc3 Bxc3 18. Qxc3 Rb8 19. e5 Rb4 20. a3 Rc4 21. Qe3 Qb6 22. b4 Rc2 23. b5 Bc8 24. Be4 Rc4 {Mamedyarov,S (2799)-Artemiev,V (2691) Riadh 2017 ½-½ (42)}) 10... d6 11. Re1 Nbd7 12. Nxc4 Ba6 $146 ({RR} 12... Rb8 13. Bd2 Ba6 14. Na5 Bb7 15. Nc6 Bxc6 16. dxc6 Nb6 17. e5 Nfd5 18. Rad1 Rc8 19. Bg5 Nb4 20. Qc1 Rxc6 21. exd6 Rxd6 22. Rxd6 Qxd6 23. Bxe7 Qc7 24. Bxf8 Nd3 25. Re8 Qd7 26. Qe3 Bxf8 27. Bh3 {Dreev,A (2590)-Taboas Rodriguez,D (2335) chess.com INT 2025 1-0}) 13. Ne3 Rc8 14. Bd2 c4 15. Bc3 Nc5 16. Nd4 Re8 17. Nc6 Qb6 18. Bd4 e5 19. Bxc5 Qxc5 20. b4 cxb3 21. Qxc5 dxc5 22. axb3 Bb5 23. Bh3 Rc7 24. Nxa7 Rb7 25. Nc4 Bxc4 26. bxc4 Nxe4 27. Bc8 Rxa7 28. Rxa7 Nd6 29. Ba6 e4 30. Rc7 Bd4 31. Rc6 Rd8 32. Rb1 Kf8 33. Rbb6 Ke7 34. Rc7+ Rd7 35. Rxd7+ Kxd7 36. Kf1 h5 37. Ke2 Ke7 38. Bb5 Be5 39. Rc6 Bd4 40. h3 Ne8 41. g4 hxg4 42. hxg4 g5 43. Ba4 Nd6 44. Bb3 Kd7 45. Ra6 Ke7 46. f3 exf3+ 47. Kxf3 Bg1 48. Ke2 Bd4 49. Kd3 Bf2 50. Bd1 Bd4 51. Be2 Bf2 52. Kc2 Bd4 53. Bd3 Bf2 54. Rc6 Bd4 55. Kb3 Kd7 56. Ka4 Be3 57. Ka5 Bd4 58. Ra6 Be3 59. Ra7+ Kd8 60. Ka6 Bf4 61. Ra8+ Kc7 62. Rh8 Be3 63. Rh7 Bf4 64. Bg6 Nxc4 65. Kb5 Ne5 66. Bxf7 c4 67. Bg8+ Kd6 68. Rh6+ Kd7 69. Bh7 c3 70. Bf5+ Kd8 71. Rh7 c2 72. d6 Ke8 73. Bxc2 Nxg4 74. Bg6+ Kf8 75. Rf7+ Kg8 76. Rxf4 1-0

[Event "84th ch-ARM HL 2024"]
[Site "Yerevan ARM"]
[Date "2024.01.20"]
[Round "9.3"]
[White "Harutyunyan, Tigran K."]
[Black "Ter Sahakyan, S."]
[Result "1-0"]
[WhiteElo "2523"]
[BlackElo "2649"]
[PlyCount "86"]
[EventDate "2024.01.12"]

1. Nf3 d5 2. g3 c5 3. Bg2 Nf6 4. O-O e6 5. d3 Nc6 6. Bf4 Be7 7. e4 O-O 8. e5 ({RR} 8. a4 b6 9. e5 Nd7 10. h4 Bb7 11. Na3 a6 12. c3 Qc7 13. Re1 d4 14. Nc4 dxc3 15. bxc3 h6 16. Rb1 Na5 17. Nxa5 bxa5 18. Rxb7 Qxb7 19. Nd4 Qb6 20. Nc6 Rae8 21. Qg4 Kh8 22. Qh5 Kg8 {Grischuk,A (2745)-Pichot,A (2637) chess24.com INT 2022 1-0 (37)}) 8... Nd7 9. h4 b5 10. Re1 $146 ({RR} 10. c4 bxc4 11. dxc4 Nb6 12. Nbd2 Ba6 13. b3 h6 14. Re1 Rb8 15. Rc1 Nb4 16. Bf1 dxc4 17. Nxc4 Nxc4 18. Bxc4 Bxc4 19. Rxc4 Nd5 20. Qc1 Nxf4 21. Qxf4 Qd5 22. Nd2 f5 23. Rc2 Rbd8 24. Nc4 g5 {Georgescu,T (2467)-Vilcu,M (2112) Bucharest 2022 ½-½ (39)}) 10... Bb7 11. Nbd2 Qc7 12. c4 bxc4 13. dxc4 Nb6 14. cxd5 Nxd5 15. Bg5 Rfd8 16. a3 h6 17. Bxe7 Ndxe7 18. Qc2 Rd5 19. Rac1 Rb8 20. Nc4 Nf5 21. Nfd2 Ncd4 22. Qb1 Rd7 23. Ne4 Bd5 24. Ne3 Nxe3 25. Rxe3 Nb3 26. Rxb3 Bxb3 27. Nxc5 Rdd8 28. Nxb3 Qxe5 29. Rc3 a5 30. Re3 Qf6 31. a4 Rb4 32. Bc6 g5 33. hxg5 hxg5 34. Qc2 Kg7 35. Kg2 Rh8 36. Qc3 Qxc3 37. Rxc3 Rc8 38. Nxa5 Rxb2 39. Rf3 Ra2 40. Bb5 Rc1 41. Nb3 Rb1 42. g4 Rbb2 43. Nc1 Rb4 1-0

[Event "Titled Tue 16th Jan Early"]
[Site "chess.com INT"]
[Date "2024.01.16"]
[Round "3"]
[White "Andreikin, D."]
[Black "Bologan, V."]
[Result "1-0"]
[WhiteElo "2729"]
[BlackElo "2585"]
[PlyCount "85"]
[EventDate "2024.01.16"]

1. Nf3 c5 2. c4 Nc6 3. Nc3 g6 4. e3 Bg7 5. d4 d6 6. Be2 Nf6 7. O-O O-O 8. d5 Na5 9. h3 e5 ({RR} 9... e6 10. e4 Re8 11. Bd3 a6 12. Bg5 h6 13. Be3 exd5 14. exd5 Rb8 15. Qd2 Kh7 16. Rfe1 Bd7 17. Bf4 Qc7 18. Rxe8 Bxe8 19. Re1 b5 20. b3 bxc4 21. bxc4 Rb4 22. Ne4 Nxe4 23. Rxe4 Ba4 24. Bxh6 {Dominguez Perez,L (2732)-Fressinet,L (2700) Huaian 2016 1-0 (37)}) ({RR} 9... a6 10. e4 b5 11. cxb5 axb5 12. Bxb5 Qb6 13. a4 Ne8 14. Bg5 Ra7 15. Qc2 f5 16. Rfe1 f4 17. e5 Bf5 18. Qd1 dxe5 19. Nxe5 Nd6 20. Nc6 f3 21. g4 Bc8 22. Bxe7 Nxb5 23. axb5 Rxe7 24. Rxe7 {Hacker,J (2391)-Abrashkin,B (2407) chess.com INT 2025 1-0}) 10. e4 Nh5 $146 ({RR} 10... b6 11. Bg5 h6 12. Bh4 Qe8 13. Nd2 Nh7 14. Bg3 Bd7 15. Bh2 h5 16. Kh1 Bh6 17. Re1 Qe7 18. Bf1 Kh8 19. Rb1 Qf6 20. Qe2 Qg7 21. Nf3 f5 22. exf5 gxf5 23. Nb5 Bxb5 24. cxb5 Nf6 25. Rbd1 {Popov,V (2534)-Shariyazdanov,A (2612) Samara 2000 ½-½}) 11. Re1 Nf4 12. Bxf4 exf4 13. Qd2 g5 14. Bd3 a6 15. e5 dxe5 16. Nxe5 b5 17. cxb5 axb5 18. Bxb5 Rb8 19. d6 Be6 20. Rad1 Rb6 21. d7 Nb7 22. Nc6 Qxd7 23. Qxd7 Bxd7 24. Ne7+ Kh8 25. Bxd7 Rxb2 26. Ne4 c4 27. Nxg5 c3 28. Bf5 h6 29. Nf3 Nc5 30. Rd5 Ne6 31. Rd7 Nc5 32. Rc7 Na6 33. Rc4 Nb4 34. a3 Na2 35. Nd5 Rd8 36. Nxf4 Rb3 37. Re7 Rxa3 38. Rxf7 Nc1 39. Rcc7 Rg8 40. Ng6+ Kh7 41. Ne7+ Kh8 42. Nxg8 Ne2+ 43. Kh2 1-0

[Event "Titled Tue 16th Jan Early"]
[Site "chess.com INT"]
[Date "2024.01.16"]
[Round "4"]
[White "Banusz, T."]
[Black "Cuenca Jimenez, J."]
[Result "1-0"]
[WhiteElo "2621"]
[BlackElo "2514"]
[PlyCount "69"]
[EventDate "2024.01.16"]

1. Nf3 d5 2. g3 Nf6 3. Bg2 c5 4. O-O e6 5. d4 cxd4 6. Nxd4 e5 7. Nb3 Be6 8. c4 Nc6 9. cxd5 Bxd5 10. Nc3 Bxg2 11. Kxg2 Bb4 12. Qxd8+ ({RR} 12. Qc2 Bxc3 13. Qxc3 Rc8 14. Bg5 Nd4 15. Qd3 Qd5+ 16. Kg1 Ne6 17. Rac1 Rxc1 18. Rxc1 Qxd3 19. exd3 Ke7 20. Be3 b6 21. f3 Rd8 22. Rd1 Nd5 23. Bf2 Nb4 24. Nc1 Rc8 25. Be1 Nd5 26. Ne2 Ng5 {Nitrauw,P (1868)-Lombaers,P (2373) Hilversum NED 2024 0-1 (38)}) 12... Rxd8 13. Bg5 Bxc3 14. Bxf6 $146 ({RR} 14. bxc3 Rd6 15. Bxf6 Rxf6 16. Rfd1 b6 17. Rd5 Ke7 18. Rad1 Rd8 19. c4 Rfd6 20. e4 f6 21. a3 Ke6 22. f4 g6 23. Kf3 f5 24. Ke3 exf4+ 25. gxf4 fxe4 26. Kxe4 Ke7 27. h4 Re6+ 28. Kf3 Rdd6 {Terry,R (2504)-Grischuk,A (2758) Chess.com INT 2022 ½-½ (45)}) 14... gxf6 15. bxc3 Ke7 16. a4 Rc8 17. Rfb1 Rc7 18. a5 Rhc8 19. Ra4 Nd8 20. Rh4 Rxc3 21. Rxh7 R8c4 22. Nd2 Ra4 23. Nf3 Rxa5 24. Nh4 Ke6 25. g4 Ra2 26. Nf5 Rc7 27. Rh8 Nc6 28. e3 Rd2 29. Rh6 a5 30. Ng7+ Ke7 31. Nh5 Rd6 32. Ng3 Re6 33. Nf5+ Kd7 34. Rd1+ Kc8 35. Rh8+ 1-0

[Event "Titled Tue 16th Jan Early"]
[Site "chess.com INT"]
[Date "2024.01.16"]
[Round "6"]
[White "Erigaisi, Arjun"]
[Black "Perez Ponsa, F."]
[Result "1-0"]
[WhiteElo "2738"]
[BlackElo "2538"]
[PlyCount "45"]
[EventDate "2024.01.16"]

1. Nf3 Nf6 2. b3 d5 3. Bb2 c5 4. e3 a6 5. c4 Nc6 6. cxd5 Nxd5 7. d4 cxd4 8. Nxd4 Bd7 9. Bc4 Nf6 10. Nd2 e6 11. O-O Be7 12. Be2 O-O 13. Bf3 Rc8 14. Nc4 Nxd4 15. Bxd4 Bc6 16. Rc1 Bxf3 17. Qxf3 Qd5 18. Nb6 Qxf3 19. gxf3 Rxc1 20. Rxc1 Bd8 21. Nc8 h6 $146 ({RR} 21... Nd5 22. Nd6 b5 23. a3 Be7 24. Rc6 Ra8 25. Bc5 h6 26. Ne4 Bd8 27. f4 a5 28. Bd4 Be7 29. Bc5 Bd8 30. Nd6 Ne7 {0-1 (29) Lysyj,I (2677)-Timofeev,A (2534) Sochi 2015}) 22. Nd6 Re8 23. Nxe8 1-0

[Event "Titled Tue 16th Jan Early"]
[Site "chess.com INT"]
[Date "2024.01.16"]
[Round "7"]
[White "Anton Guijarro, D."]
[Black "Durarbayli, Vasif"]
[Result "1-0"]
[WhiteElo "2670"]
[BlackElo "2627"]
[PlyCount "97"]
[EventDate "2024.01.16"]

1. Nf3 Nf6 2. b3 d5 3. Bb2 c5 4. e3 a6 5. g3 Nc6 6. Bg2 Bg4 ({RR} 6... Bf5 7. O-O e6 8. d3 h6 9. Nbd2 Be7 10. Re1 Bh7 11. e4 O-O 12. exd5 Nxd5 13. Nc4 Rc8 14. a4 b5 15. axb5 axb5 16. Nce5 Nxe5 17. Nxe5 Bf6 18. Qe2 Qc7 19. h4 c4 20. bxc4 bxc4 21. dxc4 {Anton Guijarro,D (2703)-Svidler,P (2723) chess24.com INT 2020 ½-½}) 7. h3 Bh5 8. g4 Bg6 9. Nh4 $146 ({RR} 9. d3 h6 10. Nh4 Bh7 11. f4 e6 12. Nf3 Bd6 13. O-O d4 14. Nfd2 dxe3 15. Nc4 Nd5 16. Bxg7 Rg8 17. Be5 Nxe5 18. fxe5 Bc7 19. Qe1 h5 20. Nxe3 Nxe3 21. Qxe3 hxg4 22. Bxb7 gxh3+ 23. Kh1 Rb8 {Shimanov,A (2593)-Akobian,V (2564) chess.com INT 2024 1-0 (32)}) 9... e5 10. d3 Qd6 11. g5 Nd7 12. Nc3 d4 13. Ne4 Bxe4 14. Bxe4 g6 15. Qg4 h6 16. Nf3 hxg5 17. Qxg5 Bh6 18. Qh4 f5 19. Bxc6 Qxc6 20. Ke2 Kf7 21. Ng5+ Bxg5 22. Qxg5 Rae8 23. Rag1 Rh5 24. Qg3 e4 25. Kd2 exd3 26. cxd3 Ne5 27. Kc2 Nf3 28. Rd1 dxe3 29. fxe3 Rxe3 30. Qf4 Re2+ 31. Kb1 Rh4 32. Qb8 Nd4 33. Rc1 Re8 34. Qg3 Rh6 35. Qf4 Rh5 36. Rhe1 Ne2 37. Qc4+ Qe6 38. Qxc5 f4 39. Qc7+ Re7 40. Qb8 Qd5 41. Rxe2 Rxe2 42. Qxf4+ Rf5 43. Qc7+ Re7 44. Qc3 Rf3 45. Qg7+ Ke8 46. Qh8+ Kf7 47. Qh7+ Ke6 48. Qg8+ Kd6 49. Ba3+ 1-0

[Event "Titled Tue 16th Jan Early"]
[Site "chess.com INT"]
[Date "2024.01.16"]
[Round "11"]
[White "Nakamura, Hi"]
[Black "Navara, D."]
[Result "1-0"]
[WhiteElo "2788"]
[BlackElo "2679"]
[PlyCount "131"]
[EventDate "2024.01.16"]

1. Nf3 d5 2. b3 Nf6 3. Bb2 Bg4 4. e3 e6 5. h3 Bh5 6. d3 c5 7. g4 Bg6 8. Nh4 Nc6 9. Nd2 d4 10. Nxg6 hxg6 11. Bg2 Nd5 12. Qe2 Be7 13. O-O-O Ncb4 $146 ({RR} 13... Rc8 14. Bxd5 Qxd5 15. e4 Qd6 16. Kb1 b5 17. Nf3 e5 18. h4 Kd7 19. Bc1 Nd8 20. Qe1 Ne6 21. g5 Bd8 22. Qg1 Ba5 23. Qg3 Bc7 24. Bb2 Nf4 25. c3 Nh5 26. Qh2 Qe6 27. b4 dxc3 28. Bxc3 {Tolonen,L (2335)-Bagirov,V (2515) Jyvaskyla 1996 0-1 (60)}) 14. Bxd5 Qxd5 15. Kb1 O-O-O 16. f4 dxe3 17. Qxe3 Rh7 18. Rhf1 Nc6 19. Ne4 b6 20. Nc3 Qd7 21. Ne2 Bf6 22. Bxf6 gxf6 23. f5 exf5 24. gxf5 g5 25. Nc3 Rdh8 26. Ne4 Rxh3 27. Qf2 Qd4 28. Qxd4 Nxd4 29. Nxf6 Rf3 30. c3 Rxf1 31. Rxf1 Ne2 32. Ne4 Rh2 33. Nxg5 Nxc3+ 34. Kc1 Nxa2+ 35. Kb1 Nc3+ 36. Kc1 f6 37. Ne6 Ra2 38. Rf3 Kd7 39. Nf4 Ne2+ 40. Kb1 Nc3+ 41. Kc1 Ne2+ 42. Kb1 Rd2 43. Nd5 Nd4 44. Rh3 Nxf5 45. Nxf6+ Kc6 46. Ne4 Re2 47. Nc3 Re3 48. Rxe3 Nxe3 49. Ne2 Kb5 50. Kb2 Nd5 51. Ng3 Kb4 52. Ne4 Nf4 53. Kc2 Ne6 54. Kb2 Nd4 55. Nc3 a6 56. Nd5+ Ka5 57. Kc3 b5 58. b4+ Ka4 59. bxc5 Nc6 60. Nb6+ Ka3 61. d4 b4+ 62. Kd3 b3 63. Kc3 b2 64. Nc4+ Ka4 65. Nxb2+ Kb5 66. Nd3 1-0

[Event "Titled Tue 16th Jan Late"]
[Site "chess.com INT"]
[Date "2024.01.16"]
[Round "6"]
[White "Jones, G."]
[Black "Caruana, F."]
[Result "1-0"]
[WhiteElo "2618"]
[BlackElo "2804"]
[PlyCount "141"]
[EventDate "2024.01.16"]

1. Nf3 d5 2. c4 d4 3. b4 c5 4. g3 Qc7 ({RR} 4... a5 5. b5 g6 6. Bg2 Bg7 7. O-O Ra7 8. a4 b6 9. Ra2 e5 10. d3 Be6 11. Ng5 Bc8 12. e4 f6 13. Nh3 h5 14. f4 Bg4 15. Qe1 Qc8 16. Nf2 Bd7 17. Nd2 h4 18. gxh4 Nh6 19. Nf3 {Ivanchuk,V (2726)-Hammer,J (2680) Skopje 2015 1-0 (33)}) 5. bxc5 ({RR} 5. Bg2 e5 6. bxc5 Bxc5 7. d3 Nf6 8. O-O O-O 9. a4 Re8 10. Nbd2 Nc6 11. Ba3 Bxa3 12. Rxa3 h6 13. Qb1 Bf5 14. Ne1 Bg4 15. Qd1 Nb4 16. a5 Rab8 17. Ne4 Nxe4 18. Bxe4 Na6 19. Nc2 Bh3 {Chigaev,M (2632)-Caruana,F (2766) chess.com INT 2023 ½-½ (67)}) 5... e5 6. Ba3 $146 ({RR} 6. Bg2 Nc6 7. Ba3 Nf6 8. e3 Bg4 9. Qa4 Rd8 10. exd4 exd4 11. O-O Be7 12. d3 O-O 13. Nbd2 Qd7 14. Rab1 Rb8 15. Rfe1 Qf5 16. Qc2 Rfc8 17. Nh4 Qd7 18. Nb3 g5 19. Nf3 h6 20. Ne5 Nxe5 {Santos Ruiz,M (2310)-Bendriss,H Caleta 2015 1-0 (41)}) 6... Nc6 7. d3 Nf6 8. Nfd2 h5 9. Bg2 h4 10. Kf1 Be7 11. Ne4 Nxe4 12. Bxe4 Be6 13. Nd2 O-O-O 14. Rb1 f5 15. Bg2 h3 16. Bf3 g5 17. Rg1 e4 18. dxe4 g4 19. Bh1 d3 20. e3 Rhf8 21. Qb3 fxe4 22. Bxe4 Bg5 23. Ke1 Rf7 24. Bd5 Qd7 25. Qxb7+ Qxb7 26. Bxe6+ Kb8 27. Bxf7 Qxb1+ 28. Nxb1 Ne5 29. Bd5 Rxd5 30. cxd5 Nf3+ 31. Kd1 Nxg1 32. Nd2 Bf6 33. Bb4 Be5 34. c6 Kc7 35. Ba5+ Kc8 36. Nc4 Bc7 37. Bxc7 Kxc7 38. Ne5 Kd6 39. Kc1 a5 40. a4 Ne2+ 41. Kd2 Kc7 42. Nxd3 Ng1 43. Ne5 Kd6 44. Kd3 Kc7 45. Ke4 Kd6 46. Nxg4 Ne2 47. Nf6 Nc3+ 48. Kd4 Nxa4 49. Ne4+ Kc7 50. Nc5 Nb6 51. Ke5 a4 52. Ne6+ Kc8 53. d6 a3 54. d7+ Nxd7+ 55. cxd7+ Kxd7 56. Nc5+ Kc6 57. Nb3 Kb5 58. Kd4 Kb4 59. Na1 a2 60. e4 Ka3 61. Kc3 Ka4 62. Kb2 Kb5 63. Kxa2 Kc4 64. Kb2 Kd4 65. f3 Ke3 66. e5 Kxf3 67. e6 Kg2 68. e7 Kxh2 69. e8=Q Kxg3 70. Qe4 h2 71. Qh1 1-0

[Event "Titled Tue 16th Jan Late"]
[Site "chess.com INT"]
[Date "2024.01.16"]
[Round "7"]
[White "Svane, Frederik"]
[Black "Cuenca Jimenez, J."]
[Result "1-0"]
[WhiteElo "2625"]
[BlackElo "2514"]
[PlyCount "113"]
[EventDate "2024.01.16"]

1. g3 d5 2. Nf3 Nf6 3. Bg2 c5 4. O-O e6 5. d3 Nc6 6. e4 Be7 ({RR} 6... dxe4 7. dxe4 Qxd1 8. Rxd1 Nxe4 9. Na3 Be7 10. Be3 O-O 11. Nd2 Nxd2 12. Rxd2 e5 13. Nc4 Be6 14. Bxc6 bxc6 15. Nxe5 Rfc8 16. b3 Bf6 17. f4 Bxe5 18. fxe5 c4 19. Bc5 h5 20. Rd4 Rcb8 21. Rad1 {Grischuk,A (2736)-Abdusattorov,N (2732) Dubai UAE 2023 0-1 (59)}) ({RR} 6... dxe4 7. dxe4 Qxd1 8. Rxd1 Nxe4 9. c3 Be7 10. Be3 O-O 11. Na3 Nf6 12. Nc4 Nd5 13. Bg5 Bd7 14. Bxe7 Ncxe7 15. Nfe5 Rfd8 16. Nd6 f6 17. Nxb7 fxe5 18. Nxd8 Rxd8 19. c4 Nf6 20. Rd2 Rb8 21. Rad1 {Hiwale,R (2093)-Muratet Casadevall,A (2010) chess.com INT 2025 1-0 (65)}) 7. a4 $146 ({RR} 7. Bf4 dxe4 8. dxe4 Qxd1 9. Rxd1 Nxe4 10. Ne5 Nxe5 11. Bxe5 Nf6 12. a4 Rg8 13. Na3 a6 14. Nc4 Nd7 15. Bc7 Bd8 16. Nd6+ Ke7 17. Nxc8+ Rxc8 18. Bd6+ Kf6 19. Bxb7 Ba5 20. Bxa6 Rcd8 21. Bb5 Ne5 {Bu,X (2642)-Zhu,J (2326) Shao Xing 2022 1-0}) ({RR} 7. Bf4 h6 8. Ne5 Nxe5 9. Bxe5 O-O 10. a4 Bd7 11. exd5 Nxd5 12. c4 Bf6 13. Bd6 Be7 14. Be5 Bf6 15. d4 Bxe5 16. dxe5 Nb4 17. Bxb7 Rb8 18. Bg2 Bc6 19. Qe2 Bxg2 20. Kxg2 Qd3 21. Qg4 Nc2 {Svane,F (2600)-Visakh,N (2552) La Roda ESP 2023 0-1 (58)}) 7... O-O 8. e5 Nd7 9. Re1 a6 10. h4 Rb8 11. h5 b5 12. h6 g6 13. axb5 axb5 14. Nbd2 Bb7 15. Nf1 Ra8 16. Rxa8 Qxa8 17. N1h2 b4 18. Bf4 Qa2 19. Qc1 Qa5 20. Bg5 Qd8 21. Bxe7 Qxe7 22. Ng4 Ra8 23. c3 bxc3 24. bxc3 Ba6 25. d4 Bd3 26. Qf4 Bf5 27. Nf6+ Nxf6 28. exf6 Qf8 29. Ne5 Nxe5 30. dxe5 Qb8 31. g4 Bd3 32. g5 Bc4 33. Qc1 Kf8 34. Qb1 Qb3 35. Qc1 Ke8 36. Qe3 Qb6 37. Rc1 Kd7 38. Qe1 Ra2 39. Rb1 Rb2 40. Ra1 Ra2 41. Qb1 Qxb1+ 42. Rxb1 Kc7 43. Bf1 Bxf1 44. Kxf1 Rc2 45. Rb3 c4 46. Ra3 Kb7 47. Ke1 Rc1+ 48. Ke2 Rb1 49. f4 Rb3 50. Rxb3+ cxb3 51. Kd2 Kb6 52. f5 gxf5 53. g6 f4 54. g7 f3 55. g8=Q b2 56. Kc2 f2 57. Qg2 1-0

[Event "Titled Tue 16th Jan Late"]
[Site "chess.com INT"]
[Date "2024.01.16"]
[Round "9"]
[White "Svane, R."]
[Black "Rustemov, A."]
[Result "1-0"]
[WhiteElo "2637"]
[BlackElo "2525"]
[PlyCount "147"]
[EventDate "2024.01.16"]

1. Nf3 c5 2. c4 g6 3. d4 Bg7 4. d5 f5 5. Qc2 Nf6 6. Nc3 Na6 7. a3 d6 8. g3 O-O 9. Bg2 Nc7 10. O-O a6 $146 ({RR} 10... Rb8 11. a4 b6 12. Nd2 a6 13. b3 b5 14. Bb2 Bd7 15. Rfe1 Rb7 16. axb5 axb5 17. cxb5 Nxb5 18. Nxb5 Rxb5 19. e3 Qb8 20. Bf1 Rb6 21. Bc4 Qb7 22. Qd3 Bb5 23. Bc3 Nd7 24. Bxg7 Kxg7 25. f4 {Paikidze,N (2292)-Swiercz,D (2478) Kirishi 2008 0-1 (37)}) 11. a4 b6 12. Re1 Rb8 13. b3 b5 14. axb5 axb5 15. Bb2 bxc4 16. bxc4 Rb4 17. Nd2 e5 18. dxe6 Bxe6 19. Ba3 Rb8 20. Rad1 Qe7 21. e3 Ng4 22. Ne2 g5 23. Nb3 Ne5 24. Na5 Ra8 25. Qd2 Ra6 26. Bb2 Rxa5 27. Bxe5 dxe5 28. Qxa5 e4 29. Rc1 Ra8 30. Qd2 Ne8 31. Nc3 Rd8 32. Nd5 Qf7 33. Red1 Nd6 34. Qc2 Be5 35. Qa4 Kg7 36. Qa5 Rc8 37. Bf1 h5 38. Qa6 h4 39. Nf4 Rd8 40. Nxe6+ Qxe6 41. Qc6 Rc8 42. Qd5 Kf6 43. Qxe6+ Kxe6 44. Be2 h3 45. g4 f4 46. Bf1 f3 47. Rd5 Rc7 48. Rcd1 Ne8 49. Rb1 Nf6 50. Rdd1 Ke7 51. Bxh3 Ra7 52. Bf1 Ra2 53. h3 Ra7 54. Rb2 Rc7 55. Rb5 Ke6 56. Rb6+ Ke7 57. Ra6 Kf7 58. Rb1 Ke7 59. Rbb6 Kf7 60. Rc6 Rb7 61. Rxc5 Bc3 62. Rf5 Ke7 63. Rxg5 Rb2 64. Rg7+ Kf8 65. Rc7 Be1 66. Ra8+ Ne8 67. Rcc8 Bxf2+ 68. Kh1 Bxe3 69. Rxe8+ Kg7 70. Rxe4 Bc5 71. Ra5 Rb1 72. Rxc5 Rxf1+ 73. Kh2 f2 74. Kg2 1-0

[Event "Titled Tue 16th Jan Late"]
[Site "chess.com INT"]
[Date "2024.01.16"]
[Round "10"]
[White "Svane, R."]
[Black "Sargsyan, Shant"]
[Result "1-0"]
[WhiteElo "2637"]
[BlackElo "2634"]
[PlyCount "71"]
[EventDate "2024.01.16"]

1. Nf3 g6 2. g3 Bg7 3. Bg2 c5 4. O-O Nc6 5. c4 d6 6. Nc3 e6 7. e3 Nge7 8. d4 O-O 9. Qd2 b6 ({RR} 9... cxd4 10. Nxd4 Nxd4 11. exd4 Nf5 12. d5 e5 13. b3 Nd4 14. Bb2 Bf5 15. Kh1 Qd7 16. f4 b6 17. Rae1 Rfe8 18. fxe5 dxe5 19. Ne4 Bxe4 20. Bxe4 Qd6 21. g4 Rac8 22. Bc3 a5 23. Qd3 Re7 24. Rf2 {Rozum,I (2590)-Alekseev,E (2636) Sochi 2016 1-0 (44)}) ({RR} 9... Nf5 10. d5 Na5 11. b3 exd5 12. cxd5 b5 13. Bb2 b4 14. Ne4 Re8 15. Bxg7 Kxg7 16. Qb2+ f6 17. Nfd2 Ba6 18. Rfc1 Rb8 19. g4 Nh4 20. g5 Nxg2 21. Nxf6 Re5 22. Nf3 Rxg5 23. Nh5+ Kh6 24. Ng3 {Kozak,A (2442)-Gutkin,I (2289) chess.com INT 2023 1-0 (50)}) 10. b3 Bb7 11. Bb2 Na5 $146 ({RR} 11... a6 12. Rad1 Qc8 13. h4 cxd4 14. exd4 Qd7 15. Qf4 Rad8 16. Ne4 f5 17. Neg5 h6 18. Nxe6 Qxe6 19. d5 Qe4 20. Bxg7 Kxg7 21. dxc6 Bxc6 22. Qc1 Rd7 23. Rfe1 Qg4 24. Nh2 Qh5 25. Rxe7+ Rxe7 26. Bxc6 {Boschek,H (1810)-Krause,P (1865) Solingen 2016 1-0 (38)}) 12. Rfd1 cxd4 13. Nxd4 Bxg2 14. Kxg2 a6 15. Nf3 Nb7 16. Ne4 Nf5 17. Bxg7 Kxg7 18. Qc3+ f6 19. g4 Nh6 20. g5 Ng8 21. Rd2 e5 22. Rad1 Qc8 23. h3 Qf5 24. Nxd6 Nxd6 25. Rxd6 e4 26. Nh2 Qxg5+ 27. Ng4 Rf7 28. R1d5 Qh4 29. Rxb6 h5 30. Nh2 Nh6 31. Nf1 Nf5 32. Ng3 Qg5 33. Kh2 h4 34. Nxe4 Qh5 35. Rxf6 Qf3 36. Rfxf5+ 1-0

[Event "86th Tata Steel Masters"]
[Site "Wijk aan Zee NED"]
[Date "2024.01.28"]
[Round "13.5"]
[White "Giri, A."]
[Black "Warmerdam, Max"]
[Result "1-0"]
[WhiteElo "2749"]
[BlackElo "2625"]
[PlyCount "63"]
[EventDate "2024.01.13"]

1. Nf3 d5 2. e3 Nf6 3. b3 e6 4. Bb2 Bd6 5. c4 O-O 6. Nc3 c5 7. g4 ({RR} 7. cxd5 exd5 8. d4 Nc6 9. Be2 cxd4 10. Nxd4 Nxd4 11. Qxd4 Re8 12. Rd1 Be5 13. Qd2 Bf5 14. O-O Rc8 15. Bf3 Ne4 16. Nxe4 dxe4 17. Qxd8 Rcxd8 18. Rxd8 Rxd8 19. Bxe5 exf3 20. gxf3 Rd2 21. Kg2 Rxa2 {Aronian,L (2764)-So,W (2778) Paris 2018 ½-½}) 7... Nc6 $146 ({RR} 7... e5 8. g5 d4 9. gxf6 dxc3 10. fxg7 Re8 11. Bxc3 Nc6 12. Rg1 Bf5 13. Ng5 Nd4 14. Qh5 Bg6 15. Qh3 Nc2+ 16. Kd1 Nxa1 17. Bd3 Bxd3 18. e4 Qxg5 19. Rxg5 Bxe4 20. Bxa1 Bg6 21. Qe3 f6 22. Rxg6 {Nihal,S (2687)-Boci,M (2258) chess.com INT 2025 1-0 (73)}) 8. g5 Ne4 9. h4 Re8 10. Qc2 Nxc3 11. dxc3 g6 12. h5 Ne5 13. Nxe5 Bxe5 14. O-O-O Bg7 15. f4 e5 16. hxg6 hxg6 17. Bd3 exf4 18. exf4 Qc7 19. Rh4 dxc4 20. Bxg6 fxg6 21. Qxg6 Kf8 22. f5 Qf7 23. Qd6+ Kg8 24. f6 Qg6 25. Qf4 Qf5 26. Qg3 Be6 27. fxg7 Bf7 28. Rf4 Qe6 29. Qh2 Kxg7 30. Rxf7+ Qxf7 31. g6 Qe6 32. Rd7+ 1-0